header

Foreign workers in Israel (Record no. 181869)

MARC details
000 -LEADER
fixed length control field 01528nam a2200385Ia 4500
082 04 - DEWEY DECIMAL CLASSIFICATION NUMBER
Classification number 331.6/2095694
100 1# - MAIN ENTRY--AUTHOR NAME
Personal name Drori, Israel.
245 10 - TITLE STATEMENT
Title Foreign workers in Israel
260 ## - PUBLICATION, DISTRIBUTION, ETC. (IMPRINT)
Place of publication Albany :
Name of publisher SUNY Press,
Year of publication c2009.
300 ## - PHYSICAL DESCRIPTION
Number of Pages xiii, 242 p. :
Other physical details ill.
490 1# - SERIES STATEMENT
Series statement SUNY series in Israeli studies
650 #0 - SUBJECT ADDED ENTRY--TOPICAL TERM
Topical Term Foreign workers
Topical Term Foreign workers
Topical Term Foreign workers, Philippine
Topical Term Foreign workers, Romanian
Topical Term Foreign workers, Thai
856 40 - ELECTRONIC LOCATION AND ACCESS
Uniform Resource Identifier http://site.ebrary.com/lib/rucke/Doc?id=10575818

No items available.

© 2026 Rongo University
Contact us: librarian | system librarian | Rongo university